Tilastot visalle Nimeä kaikki monarkiat

Klikkaa tästä pelataksesi tätä visaa!

Yleistilastot

  • Tätä visaa on pelattu 39 kertaa
  • Keskiarvotulos 31 / 43

Vastaustilastot

% Oikein
EurooppaIso-Britannia
100%
EurooppaRuotsi
100%
EurooppaTanska
100%
EurooppaNorja
97%
EurooppaEspanja
93%
EurooppaAlankomaat
90%
EurooppaBelgia
90%
EurooppaAndorra
86%
AasiaBhutan
86%
EurooppaLiechtenstein
86%
AasiaSaudi-Arabia
86%
AasiaOman
83%
AasiaThaimaa
83%
Pohjois-AmerikkaAntigua ja Barbuda
79%
AasiaBrunei
79%
EurooppaLuxemburg
79%
Pohjois-AmerikkaSaint Lucia
79%
Pohjois-AmerikkaSaint Vincent ja Grenadiinit
79%
Pohjois-AmerikkaBahama
76%
AasiaJapani
76%
AasiaJordania
76%
EurooppaMonaco
76%
AasiaQatar
76%
Pohjois-AmerikkaSaint Kitts ja Nevis
76%
OseaniaUusi-Seelanti
72%
EurooppaVatikaanivaltio
72%
OseaniaAustralia
69%
AasiaBahrain
69%
Pohjois-AmerikkaGrenada
66%
AasiaMalesia
66%
Pohjois-AmerikkaJamaika
62%
OseaniaTonga
62%
OseaniaTuvalu
62%
OseaniaPapua-Uusi-Guinea
59%
AasiaYhdistyneet arabiemiirikunnat
59%
Pohjois-AmerikkaKanada
55%
AasiaKuwait
55%
OseaniaSalomonsaaret
52%
AfrikkaMarokko
45%
Pohjois-AmerikkaBelize
41%
AasiaKambodža
41%
AfrikkaLesotho
38%
AfrikkaSwazimaa | eSwatini
38%

Tulosjakauma

Persentiili vastausten määrän mukaan

Jokaisen tuloksen saaneiden osuus

Tuloshistoriasi

Et ole pelannut tätä visaa